| 000 | 01042nam a22002777a 4500 | ||
|---|---|---|---|
| 003 | dpl | ||
| 005 | 20180712100714.0 | ||
| 008 | 180602b xxu||||| |||| 00| 0 eng d | ||
| 010 | _aA-940396 | ||
| 020 |
_c250.00 _a8185194483 |
||
| 035 | _aA-940396, A-940400, A-940397 | ||
| 037 | _bCen Lib/Ret | ||
| 040 |
_aDPL _bEN _c0 |
||
| 082 |
_a376.07154 _2PAN |
||
| 100 |
_aPandit,P.Vijayalakshmi _97231 |
||
| 245 |
_aEpowerment of women through distance education : _cby P.Vijayalakshmi Pandit _bA case of Dr. B.R.Ambedkar open university / |
||
| 260 |
_aHyderabad _bBooklinks corporation _c1997 |
||
| 270 |
_aNarayanaguda _bHyderabad _e500029 |
||
| 300 |
_axi,211p. _c21cm(Hb) _bill. |
||
| 500 | _aIncludes bibliographical reference | ||
| 650 |
_aWomen empowerment - India _97232 |
||
| 650 |
_aDistance education - Women _97233 |
||
| 650 |
_aमहिला सशक्तिकरण - भारत _92406 |
||
| 650 |
_aदूरस्थ शिक्षा - महिला _92130 |
||
| 942 |
_2ddc _cEN _h376.07154 _mPAN |
||
| 999 |
_c123620 _d123620 |
||